000 01082cam a22002411 4500
001 gs 22000377
003 DLC
005 20260227111326.0
008 790608s1922 kyuabf s000 0 eng
010 _ags 22000377
035 _a(OCoLC)5049613
040 _aDLC
_cTxCM
_dDLC
050 0 0 _aQE116.W4
_bG6
100 1 _aGlenn, L. C.
_q(Leonidas Chalmers),
_d1871-
245 1 4 _aThe geology and coals of Webster county.
_bAn economic consideration of the coals, the structure and stratigraphy of this region, to which is added a detailed geological map of Webster county,
_cby Leonidas Chalmers Glenn. Illustrated with 32 photographs, maps and diagrams.
250 _a1st ed.
260 _aFrankfort, Ky.,
_bThe Kentucky Geological survey,
_c1922.
300 _a[6] p., 2 l., 249 p.
_bfront., illus., fold. pl., maps, tables, diagrs.
_c24 cm.
490 1 _aKentucky Geological survey, 1920- series 6. [Geologic reports]
_vv. 5
650 0 _aGeology
_zKentucky.
650 0 _aCoal
_zKentucky.
810 1 _aKentucky.
_bGeological survey, 1920-1932. Ser. 6.
_t[Geologic reports] ;
_vv. 5.
999 _c26191
_d26191